TB. OF MICROBIOLOGY FOR NURSING (Record no. 21938)

MARC details
000 -LEADER
fixed length control field 00346nam a22001577a 4500
003 - CONTROL NUMBER IDENTIFIER
control field SGT
020 ## - INTERNATIONAL STANDARD BOOK NUMBER
International Standard Book Number 9788182967052
082 ## - DEWEY DECIMAL CLASSIFICATION NUMBER
Classification number 616.01
Item number M21B
100 ## - MAIN ENTRY--PERSONAL NAME
Personal name BAVEJA, C.P.
245 ## - TITLE STATEMENT
Title TB. OF MICROBIOLOGY FOR NURSING
250 ## - EDITION STATEMENT
Edition statement 6TH
260 ## - PUBLICATION, DISTRIBUTION, ETC. (IMPRINT)
Place of publication, distribution, etc INDIA
Name of publisher, distributor, etc ARYA PUB
Year of Publication 2021
300 ## - PAGE DESCRIPTION
No. of Pages 294
650 ## - SUBJECT ADDED ENTRY--TOPICAL TERM
Topical term or geographic name as entry element MICROBIOLOGY
942 ## - ADDED ENTRY ELEMENTS (KOHA)
Source of classification or shelving scheme Dewey Decimal Classification
Koha item type Books
942 ## - ADDED ENTRY ELEMENTS (KOHA)
-- 206
Holdings
Withdrawn status Lost status Source of classification or shelving scheme Damaged status Not for loan Collection code Home library Current library Shelving location Date acquired Vendor Name Cost, normal purchase price SGTU Bill Number Total Checkouts Total Renewals Full call number Accession No. (Barcode) Date last seen Date last borrowed Bill Date Koha item type
    Dewey Decimal Classification     NURSING SGT Medical Library SGT Medical Library Text Book 12/10/2021 ABC DELHI 450.00 SGTU 13309 22 1 616.01 M21B FN4466 08/01/2026 23/12/2025   Books
    Dewey Decimal Classification     NURSING SGT Medical Library SGT Medical Library Text Book 12/10/2021 ABC DELHI 450.00 SGTU 13309 66   616.01 M21B FN4467 08/01/2026 22/12/2025   Books
    Dewey Decimal Classification     NURSING SGT Medical Library SGT Medical Library Text Book 12/10/2021 ABC DELHI 450.00 SGTU 13309 52   616.01 M21B FN4468 02/04/2026 26/03/2026   Books
    Dewey Decimal Classification     NURSING SGT Medical Library SGT Medical Library Text Book 12/10/2021 ABC DELHI 450.00 SGTU 13309 48   616.01 M21B FN4469 06/01/2026 22/12/2025   Books
    Dewey Decimal Classification     NURSING SGT Medical Library SGT Medical Library Text Book 12/10/2021 ABC DELHI 450.00 SGTU 13309 50   616.01 M21B FN4470 06/01/2026 22/12/2025   Books